000 00375 a2200157 4500
001 160082
020 _a
040 _cMagnum
100 _aCarroll, Jean
240 1 0 _aOnde esta fuzzi ? historias dos animais da floresta
_lpor
245 1 0 _aOnde esta fuzzi ? historias dos animais da floresta
362 0 _a1899
440 1 _aEko
697 _aIJ/ANIMAIS
942 _cBK
999 _c160082
_d160082